Logo BPK

Biblioteka

Politechniki Koszalińskiej

Schiller : (Rekord nr 50360)

Szczegóły MARC
000 -ETYKIETA REKORDU
podpole kontrolne o stałej długości 00572nam a2200181 i 4500
001 - NUMER KONTROLNY REKORDU
pole kontrolne bgj
040 ## - ŹRÓDŁO KATALOGOWANIA
Instytucja, która utworzyła rekord BPK
041 0# - KOD JĘZYKA
Kod języka tekstu ger
008 - POLE O STAŁEJ DŁUGOŚCI - DANE KONTROLNE
podpole kontrolne o stałej długości s gw f |000 0 ger
100 1# - NAZWA OSOBOWA
Nazwa osobowa BUCHWALD, Reinhard
Daty związane z nazwą (1884-1983).
245 10 - TYTUŁ/ODPOWIEDZIALNOŚĆ
Tytuł Schiller :
Ciąg dalszy tytułu Zweiter Band : der Weg zur Vollendung : Mit vier Bildtafeln und einem Faksimile /
Pozostałe elementy strefy tytułu i oznaczenia odpowiedzialności Reinhard Buchwald.
260 ## - STREFA ADRESU WYDAWNICZEGO
Miejsce wydania Wiesbaden :
Nazwa wydawcy/dystrybutora Insel-Verlag,
Data publikacji, dystrybucji/powstania dokumentu c. 1954.
300 ## - STREFA OPISU FIZYCZNEGO
Objętość 497, [6], S. :
Inne cechy fizyczne Ill., Faksim., ;
Rozmiary 22 cm.
505 ## - SFORMALIZOWANA UWAGA DOTYCZĄCA ZAWARTOŚCI
Pełny tekst uwagi Register.
600 19 - HASŁO PRZEDMIOTOWE W FORMIE NAZWY OSOBOWEJ
Nazwa osobowa Schiller, Friedrich, 1759-1805
655 ## - TERMIN INDEKSOWY - OKREŚLENIE RODZAJU/FORMY DOKUMENTU
Określenie rodzaju/formy dokumentu Biographie
856 ## - LOKALIZACJA I DOSTĘP DO ELEKTRONICZNYCH DOKUMENTÓW ZDALNYCH
Link (URL) http://koha.tu.koszalin.pl/cgi-bin/koha/opac-detail.pl?biblionumber=50360
Tekst linku Katalog online BPK
942 ## - DODATKOWE ELEMENTY (KOHA)
Typ dokumentu Książka
Egzemplarze
Wycofany Status egzemplarza Uszkodzony Dostępność Lokalizacja stała Lokalizacja bieżąca Miejsce przechowywania Sygnatura Kod kreskowy Typ dokumentu
      Dostępny Biblioteka Politechniki Koszalińskiej Biblioteka Politechniki Koszalińskiej Wypożyczalnia Językowa N 259 09046214 Książka
© 2023 Biblioteka Politechniki Koszalińskiej :: KOHA